It looks like you're offline.
Open Library logo
additional options menu

MARC record from Internet Archive

LEADER: 00869cam 2200265Mi 4500
001 ocn878589729
003 OCoLC
005 20220603025634.0
008 060111t20061995ii bf 001 0 eng d
040 $aSYC$bita$cSYC$dOCLCQ
020 $a817758104X
020 $a9788177581041
035 $a(OCoLC)878589729
100 1 $aSydsaeter, Knut.
245 10 $aMathematics for economic analysis /$cKurt Sydsaeter, Peter J. Hammond.
260 $aDelhi :$bDorling Kindersley, Pearson Education,$c2006, cop. 1995.
300 $a1000 p. ;$c24 cm
336 $atesto$btxt$2rdacontent/ita
337 $asenza mediazione$bn$2rdamedia/ita
504 $aCon bibliografia.
650 04 $aMatematica$xApplicazioni all'economia$vManuali.
650 04 $aAnalisi matematica$vManuali.
700 1 $aHammond, Peter J.,$d1945-
994 $aZ0$bP4A
948 $hNO HOLDINGS IN P4A - 1 OTHER HOLDINGS